78 najdrozszych obroncow na swiecie - Statystyki

Ogólne statystyki
  • Ten quiz został rozwiązany 24 razy
  • Średni wynik to 30 z 78
Statystyki odpowiedzi
Hint Odpowiedź % Poprawnych
80mln Dias
94%
35mln Van Dijk
94%
70mln Araujo
89%
60mln Kounde
83%
70mln Militao
83%
32mln Rudiger
83%
40mln Alaba
72%
50mln Balde
72%
50mln Cancelo
72%
80mln Gvardiol
72%
70mln Saliba
72%
40mln Stones
72%
42mln Ake
67%
55mln Gabriel
67%
65mln Arnold
61%
40mln Robertson
61%
38mln Akanji
56%
40mln Christensen
56%
70mln Davies
56%
65mln Hakimi
56%
38mln Konate
56%
50mln Martinez
56%
45mln Silva
56%
40mln Tomori
56%
70mln De Ligt
50%
60mln Bastoni
44%
40mln Dalot
44%
60mln Hernandez
44%
45mln Hernandez
44%
60mln Jae
44%
65mln Marquinhos
44%
40mln Pavard
44%
60mln Romero
44%
42mln Shaw
44%
60mln Upamecano
44%
35mln Varane
44%
42mln Zinchenko
44%
65mln Mendes
39%
50mln Skriniar
39%
30mln Sule
39%
45mln Botman
33%
35mln Gimenez
33%
55mln James
33%
40mln Bremer
28%
40mln Fofana
28%
45mln Frimpong
28%
30mln Inacio
28%
45mln Torres
28%
55mln White
28%
40mln Badiashile
22%
45mln Dimarco
22%
35mln Le Normand
22%
50mln Molina
22%
40mln Schloterbeck
22%
30mln Todibo
22%
35mln Chilwell
17%
40mln Disasi
17%
30mln Gaya
17%
40mln Porro
17%
40mln Tapsoba
17%
30mln Thiaw
17%
42mln Timber
17%
38mln Udogie
17%
40mln Van De Ven
17%
35mln Estupinan
11%
35mln Guehi
11%
35mln Hincapie
11%
40mln Scalvini
11%
35mln Aguerd
6%
42mln Colwill
6%
35mln Geertruida
6%
30mln Hancko
6%
35mln Kilman
6%
30mln Livramento
6%
35mln Lukeba
6%
35mln Simakan
6%
30mln Andersen
0%
30mln Hickey
0%
Nie znaleziono quizów pasujących do podanych kryteriów
Rozkład punktacji
Procent ludzi z każdym wynikiem
Percentyl według liczby udzielonych odpowiedzi
Twoja historia wyników
Nie rozwiązałeś tego quizu